Are You Smarter than a Fifth Grader? - Statistics

General Stats
  • This quiz has been taken 2,184 times
  • The average score is 7 of 11
Answer Stats
Hint Answer % Correct
True or False: Castanets are percussion instruments. True
97%
How many feet are in a yard? 3
89%
If you fly from Halifax to Vancouver, how many time zones do you pass through? 3
89%
What three colors will you find on a street light? Red, yellow, and green
89%
Canada has two official languages: English and ______? French
88%
Your tibia bone is located where? Your leg
77%
In what year did Neil Armstrong land on the moon? 1969
74%
Ozone is made of what gaseous element? Oxygen
57%
Where was the Declaration of Independence signed? Philadelphia, Pennsylvania
40%
Kingdom, phylum, class, _______? Order
27%
Pollen grains are made in what part of the flower? The anther
8%
No matching quizzes found
Score Distribution
Percent of People with Each Score
Percentile by Number Answered
Your Score History
You have not taken this quiz